000 00646cab a2200229 4500
001 ABS55765
008 090401t1996 xxu||||| |||| 00| 0 eng d
035 _a(Sirsi) u18665
041 _aeng
100 _aHuxtable, J.
245 _aStudying the form
260 _c1996
350 _a0
490 _aBuilding Procurement
_vSeptember 1996, 6-7(2)
520 _aReviews John Sisk and Sons subcontract, highlighting potentially hazardous clauses.
650 _aCONTRACT CONDITIONS
650 _aJOHN SISK AND SONS
650 _aSUBCONTRACTS
690 _aBUILT ENVIRONMENT-BUILDING CONTRACT FORMS
942 _n0
948 _c04/03/1997
999 _c12422
_d12422